Văn hóa ẩm thực Việt Nam: Các món ăn miền Nam

Guardado en:
Detalles Bibliográficos
Autor principal: MAI KHÔI
Formato: Libro
Lenguaje:Undetermined
Publicado: Thanh niên 2002
Etiquetas: Agregar Etiqueta
Sin Etiquetas, Sea el primero en etiquetar este registro!
Thư viện lưu trữ: Trung tâm Học liệu Trường Đại học Cần Thơ
LEADER 00420nam a2200145Ia 4500
001 CTU_48590
008 210402s9999 xx 000 0 und d
082 |a 641.5 
082 |b V115n 
100 |a MAI KHÔI 
245 0 |a Văn hóa ẩm thực Việt Nam: Các món ăn miền Nam 
245 0 |c MAI KHÔI 
260 |b Thanh niên 
260 |c 2002 
980 |a Trung tâm Học liệu Trường Đại học Cần Thơ